PUC 2012 Plan n︢ico de cuentas

Detalles Bibliográficos
Formato: eBook
Lenguaje:español
Colección:Textos universitarios. Contabilidad y finanzas.
Materias:
Acceso en línea:Acceso restringido

MARC

LEADER 00000nam a22000007a 4500
005 20120718182635.0
007 cr|||| ||||
008 120718s2012 co |||||s|||| 00||0 spa d
020 |a 978-958-648-770-2 
035 |a 6581 
040 |a vLex 
090 |c 3291  |d 3291 
245 0 0 |a PUC 2012  |h [Recurso electrn̤ico] :  |b Plan n︢ico de cuentas 
256 |a Servicio en ln̕ea 
300 |a 1 recurso electrn̤ico 
490 0 |a Textos universitarios. Contabilidad y finanzas. 
504 |a Incluye bibliografa̕ 
650 0 4 |a Contabilidad  |z Colombia 
650 0 4 |a Finanzas  |z Colombia 
740 0 |a vLex Libros (Servicio en libros) 
856 4 0 |u http://vlex.com/source/puc-2012-plan-unico-cuentas-6581  |z Acceso restringido 
942 |c BOOK 
999 0 |a Finance 
999 0 |a Accounting